00751nam a2200217Ia 450000500170000000800410001702000150005810000310007324500500010425000390015465000490019365000510024265000330029374000460032626400270037233600270039933700330042633800280045904000350048708400110052220220317000523.0160601s2005 ck a 000 0 spa  a95804180041 aArturo, Aureliod1906-197410aMorada al sur y otros poemas cAurelio Arturo a1a. edición b1a. reimpresión 142LEMBaPoesía juvenil colombiana ySiglo XX142LEMBaLiteratura juvenil colombiana ySiglo XX142LEMBaAmor en la literatura  aA propósito de Aurelio Arturo y su obra aBogotá bNormac2005 atextobtxt2rdacontent asin mediaciónbn2rdamedia avolumenbnc2rdacarrier aCO-BoRNBPbspaerdacCO-BoRNBP aP ART1